Characteristic features of the Middle to Upper Paleolithic transition in Eurasia (Запись № 3856611)

Подробности
000 -МАРКЕР
контрольное поле 02676nam0a2200349 4500
001 - ИДЕНТИФИКАТОР ЗАПИСИ
контрольное поле RU\NLR\b_ik\191400
005 - ИДЕНТИФИКАТОР ВЕРСИИ
контрольное поле 20260408051007.0
010 ## - МЕЖДУНАРОДНЫЙ СТАНДАРТНЫЙ НОМЕР КНИГИ (ISBN)
Номер (ISBN) 978-5-7803-0209-4
Тираж 200
035 ## - ДРУГИЕ СИСТЕМНЫЕ НОМЕРА
Идентификатор записи (NLR Aleph) 002263855
100 ## - ДАННЫЕ ОБЩЕЙ ОБРАБОТКИ
Данные общей обработки 20110831d2011 |||y0rusy50 ca
101 0# - ЯЗЫК РЕСУРСА
Язык текста, звукозаписи и т.д. английский
102 ## - СТРАНА ПУБЛИКАЦИИ ИЛИ ПРОИЗВОДСТВА
Страна публикации российская федерация
105 ## - ПОЛЕ КОДИРОВАННЫХ ДАННЫХ: ТЕКСТОВЫЕ МАТЕРИАЛЫ, МОНОГРАФИЧЕСКИЕ
Кодированные данные о монографическом текстовом документе a |||||||||
200 1# - ЗАГЛАВИЕ И СВЕДЕНИЯ ОБ ОТВЕТСТВЕННОСТИ
Основное заглавие Characteristic features of the Middle to Upper Paleolithic transition in Eurasia
Сведения, относящиеся к заглавию proceedings of the International symposium "Characteristic features of the Middle to Upper Paleolithic transition in Eurasia: development of culture and evolution of Homo genus" (July 4-10, 2011, Denisova Cave, Altai)
Первые сведения об ответственности ed. by A.P. Derevianko, M.V. Shunkov
210 ## - ПУБЛИКАЦИЯ, РАСПРОСТРАНЕНИЕ И ДР.
Место издания, распространения и т.д. Novosibirsk
Имя издателя, распространителя и т. д. Publ. dep. of the Inst. of archaeology and ethnography SB RAS
Дата издания, распространения и т.д. 2011
215 ## - ФИЗИЧЕСКАЯ ХАРАКТЕРИСТИКА
Специфическое обозначение материала и объем 224, [1] с.
Другие сведения о физической характеристике ил.
Размеры 22
300 ## - ОБЩИЕ ПРИМЕЧАНИЯ
Текст примечания В вып. дан.: Особенности перехода к верхнему палеолиту в Евразии: материалы Международного симпозиума "Особенности перехода к верхнему палеолиту в Евразии: культурная динамика и развитие рода Homo" (4-10 июля 2011 г., Денисова пещера, Алтай)
300 ## - ОБЩИЕ ПРИМЕЧАНИЯ
Текст примечания В надзаг.: Russ. acad. of sciences, Siberian branch, Inst. of archaeology a. ethnography, Asian Paleolithic assoc.
320 ## - ПРИМЕЧАНИЯ О НАЛИЧИИ В ДОКУМЕНТЕ БИБЛИОГРАФИИ / УКАЗАТЕЛЯ
Текст примечания Библиогр. в конце докл.
517 0# - ДРУГИЕ ВАРИАНТЫ ЗАГЛАВИЯ
Вариант заглавия Особенности перехода к верхнему палеолиту в Евразии
Сведения, относящиеся к заглавию материалы Международного симпозиума "Особенности перехода к верхнему палеолиту в Евразии: культурная динамика и развитие рода Homo" (4-10 июля 2011 г., Денисова пещера, Алтай)
541 0# - ПЕРЕВОД ЗАГЛАВИЯ, СДЕЛАННЫЙ КАТАЛОГИЗАТОРОМ
Заглавие Особенности перехода к верхнему палеолиту в Евразии
Язык заглавия русский
606 1# - НАИМЕНОВАНИЕ ТЕМЫ КАК ПРЕДМЕТ
Наименование темы Палеолит
Формальный подзаголовок Съезды, совещания и т.п.
Географический подзаголовок Евразия
Системный номер авторитетной/нормативной записи 2393095
Идентификатор авторитетной/нормативной записи RU\NLR\AUTH\661426980
686 1# - ИНДЕКСЫ ДРУГИХ КЛАССИФИКАЦИЙ
Индекс Т4(4)22я431
686 1# - ИНДЕКСЫ ДРУГИХ КЛАССИФИКАЦИЙ
Индекс Т4(2)22я431
686 1# - ИНДЕКСЫ ДРУГИХ КЛАССИФИКАЦИЙ
Индекс Т4(5)22я431
702 #1 - ИМЯ ЛИЦА - ВТОРИЧНАЯ ОТВЕТСТВЕННОСТЬ
Код отношения Редактор
Материалы, к которым относится поле rus
Графика поля Латинская
Начальный элемент ввода Derevjanko
Часть имени, кроме начального элемента ввода A. P.
Дополнения к именам, кроме дат археолог
Даты 1943-
Расширение инициалов личного имени Anatolij Panteleevič
Идентификатор авторитетной/нормативной записи RU\NLR\AUTH\7741690
Системный номер авторитетной/нормативной записи 24638
711 12 - НАИМЕНОВАНИЕ ОРГАНИЗАЦИИ - АЛЬТЕРНАТИВНАЯ ОТВЕТСТВЕННОСТЬ
Материалы, к которым относится поле eng
Начальный элемент ввода "Characteristic features of the Middle to Upper Paleolithic transition in Eurasia: development of culture and evolution of homo genus", international symposium
Дата проведения временной организации 2011
Место проведения временной организации Denisova Cave
Графика поля Латинская
Идентификатор авторитетной/нормативной записи RU\NLR\AUTH\8810196438
Системный номер авторитетной/нормативной записи 281987
801 #0 - ИСТОЧНИК ЗАПИСИ
Страна российская федерация
Организация NLR
Дата составления 20110831
Правила каталогизации RCR
942 ## - ДОПОЛНИТЕЛЬНЫЕ ЭЛЕМЕНТЫ ЗАПИСИ (АБИС)
Тип экземпляра АБИС Книга
980 ## - КОЛЛЕКЦИЯ
Название коллекции Национальная библиография
Экземпляры
Тип экземпляра Дата поступления Источник поступления Библиотека постоянного хранения Библиотека текущего хранения Место хранения Шифр хранения Штрих-код Статус не для выдачи Публичное примечание
Книга 31.08.2011 Обязательный экземпляр РНБ (Московский) РНБ (Московский) Иностранный книжный фонд Ик 2011-5/533 1098213   ;